| 000 | 00610nam a22002057a 4500 | ||
|---|---|---|---|
| 003 | OSt | ||
| 005 | 20260512163713.0 | ||
| 008 | 260512b |||||||| |||| 00| 0 eng d | ||
| 020 | _a9780133507645 | ||
| 040 | _cChuka University Library | ||
| 050 | _aHD 58.7 .R62 2015 C.1 | ||
| 100 |
_aRobbins P. Stephens _924385 |
||
| 245 | _aOrganizational Behavior | ||
| 250 | _a16th | ||
| 260 |
_aNew York _bPearson Education _c2015 |
||
| 300 |
_aVarious Paging _bColoured Illustrations |
||
| 650 | _2Organizational Behavior. I. Judge,Tim. II. Title. | ||
| 700 |
_aTimothy A. Judge _924386 |
||
| 942 |
_2lcc _cBK _e16th _n0 |
||
| 999 |
_c22018 _d22018 |
||